000 00736nam a22001815i 4500
001 157919
003 ES-MaACL
005 20230906210914.0
008 960320s1881 sp |||| | spa d
040 _aGA
_bspa
_cCCPB | SIC
100 1 _aLois, Octavio.
_9129035
245 1 0 _aRecreaciones científicas /
_cOctavio Lois.
260 _aPontevedra :
_b[s.n.],
_c1881 (
_fTip. de José Alfredo Antúnez)
300 _a207 p. ;
_c21 cm.
650 0 4 _aDivulgación científica.
_911958
852 _aES-MaACL
_jT-829-F-1
_z-- Enc. hol. conservando la cub. original
_z-- Enc. en un vol. facticio
_x-- Edic.: Son 207 p.
852 _aES-MaACL
_jT-363-F-3
_q.- Falta portada y primeras páginas
_z.- Dedicatoria autógrafa del autor al Ateneo
999 _c157919
_d157919